000 00328nam a22001457a 4500
003 SGT
020 _a9788184249231
082 _a954,AGN
100 _aAGNIHOTRI,V.K.
245 _aINDIAN HISTORY AND CULTURE
260 _aNEW DELHI
_bALLIED PUBLISHERS
_c2014
300 _a420
650 _aINDIAN HISTORY
942 _2ddc
_cBK
_05
999 _c10401
_d10401